Pays du monde en charade ! - Statistiques

Statistiques générales
  • Ce quiz a été pris 6 243 fois
  • Le résultat moyen est 5 sur 10
Statistiques - réponses
Hint Réponse % Correct
Copain de Barbie + Oui en allemand Kenya
97%
Maigre + N'est pas rapide + Un, ...., trois = Finlande
58%
Couler une ...... + H2O + Pays de Sochi Biélorussie
55%
Support de voile + Oui est russe + G de GDF + Conjonction = Madagascar
54%
Une actrice prénommée Jessica + Ne dit pas la vérité = Albanie
51%
Tout petit + Cléôpatre en avait un fort beau + ..nedine Zidane ! = Micronésie
45%
Je, tu, il ou .... + Contraire de propre + Je suis ton père = El Salvador
39%
Mourut en argot + Oui en russe = Canada
36%
Fromage des gastronomes en culotte courtes + Frappe + Support au golf = Kiribati
24%
Convient (soutenu) + se plaindre + Contraire de "OFF" Sierra Leone
18%
Aucun quiz correspondant
Distribution des résultats
% des personnes avec chaque résultat
Percentile par nombre de réponses
Votre historique - résultats
Vous n’avez pas pris ce quiz